| 000 | 00418cam a2200169ua 4500 | ||
|---|---|---|---|
| 001 | 10266 | ||
| 008 | 171218n ii |||gr||||Z||||||eng | ||
| 020 | _a9789327240429 | ||
| 040 | _cMAIN | ||
| 082 | _a338.88 | ||
| 100 |
_aKumar, Vishal, _eAuthor., |
||
| 245 |
_aInternational business _cBy Vishal Kumar |
||
| 260 |
_aLudhiana: _bKalyani publishers, _c2016. |
||
| 300 | _a11.18 p. | ||
| 653 | _aProduction | ||
| 942 | _cBK | ||
| 999 |
_c9262 _d9262 |
||